| 000 | 00426nam a2200181Ia 4500 | ||
|---|---|---|---|
| 008 | 210210b1946 xxu||||| |||| 00| 0 eng d | ||
| 041 | _aeng | ||
| 082 | _a546 DAVS | ||
| 100 | _aDAVID (N) | ||
| 245 | _aSenior intermediate chemistry | ||
| 260 |
_aBezwada _bKalapeetham _c1946 |
||
| 300 | _a364 | ||
| 650 | _aSenior | ||
| 650 | _aintermediate | ||
| 650 | _achemistry | ||
| 690 | _aInorganic Chemistry | ||
| 906 | _a009454 | ||
| 999 |
_c140643 _d140643 |
||